000 00662nam a2200241Ia 4500
003 OSt
005 20221005050331.0
006 a|||||r|||| 00| 0
007 ta
008 221004b |||||||| |||| 00| 0 mal d
024 _a56610
037 _cTextual
040 _aCRL
_cCRL
_bmal
041 _2mal
_amal
082 _aO32,3N14,26, J9
100 _aPillai Thakazhi Sivasankara
245 0 _aManchuvattil
260 _aKottayam
_bSahithya Pravarthaka India
_c1946
300 _a96
_ccm.
650 _aMALAYALAM FICTION
_9183428
942 _hO32,3N14,26, J9
_cTEXL
_2cc
999 _c956790
_d956790